000 00355nam a2200169Ia 4500
100 _aAlok/Jain
650 _aPower electronics
942 _cBK
366 _f25
654 _apower electronics
245 _aPower electronics:Devices
260 _bPenram international
_c2010
082 _bALO
300 _a504
546 _aENGLISH
999 _c24024
_d24024